[Event "Maastricht Limburg op-B 6th"]
[Site "Maastricht"]
[Date "2012.05.27"]
[Round "4"]
[White "Freer, Glenn"]
[Black "Turrini, Paolo"]
[Result "1-0"]
[WhiteElo "1913"]
[BlackElo "1793"]
[PlyCount "80"]
[EventDate "2012.05.25"]
[EventType "swiss"]
[EventRounds "7"]
[EventCountry "NED"]
[SourceTitle "EXT 2013"]
[Source "ChessBase"]
[SourceDate "2012.11.22"]
[SourceVersion "1"]
[SourceVersionDate "2012.11.22"]
[SourceQuality "1"]

1. e4 g6 2. d4 Bg7 3. Be3 d6 4. Qd2 Nd7 5. f4 Ngf6 6. e5 Ng4 7. Nf3 Nxe3 8. Qxe3 e6 9. c3 b6 10. Nbd2 Bb7 11. Bd3 Qe7 12. 0-0 h5 13. Ne4 Bxe4 14. Qxe4 d5 15. Qe2 c5 16. Bb5 Bh6 17. Ng5 Rc8 18. h4 Rc7 19. a3 c4 20. g3 0-0 21. g4 hxg4 22. Qxg4 Bxg5 23. fxg5 Nxe5 24. Qg2 Nd3 25. Rf6 Kg7 26. Raf1 Rh8 27. Qg3 Nxb2 28. Qe5 Kg8 29. Rxf7 Qxf7 30. Rxf7 Rxf7 31. Qxe6 Rxh4 32. Be8 Rhf4 33. Qxg6+ Rg7 34. Qe6+ Kh8 35. g6 Nd3 36. Qc8 Rf8 37. Kh2 Nf4 38. Qc6 Rfg8 39. Bf7 Rf8 40. Qd6 Nxg6 1-0